01089nam a2200241Ia 450000100060000000300090000600800410001504000130005604000130006904100130008210000170009510000290011224500250014124500610016625000110022726000140023826000120025226000490026430000590031350004290037265000150080165000310081635322IT-RoPAU130308s9999 xx 000 0 und d aIT-RoPAU cIT-RoPAU aITALIANO aErcoli Paolo gCodice Aut. SPICS: 6920 aFormazione e ricerca bTecnologia Domani-Utopie Differite e Transizione in Atto a1a ed. aROMA/BARI bLaterza c1985 [1° Ed.:1985 - Ed.Ling.Originale:1985] a"63 p. (prefazione: no ; testo: 63 [pagine: 161-223])" aInnovazione e tecnologie dell'informazione innovazione Culturale informatica rappresentazioni Astrazioni innovazione Disciplinare e delle istituzioni di Formazione nuove tecnologie per l'addestramento e la Formazione Statistiche e previsioni su informatica Formazione e Addestramento Piani e investimenti per la Formazione Nei vari paesi Formazione e Amministrazione Pubblica Prospettiva Italiana Ricerca e I singoli Settori aSOCIOLOGIA eCodice materia Spics: 3651